[Event "Theoule-sur-Mer (m/3)"]
[Site "?"]
[Date "2000.??.??"]
[Round "?"]
[White "Piket, Je"]
[Black "Tkachiev, V."]
[Result "1-0"]
[WhiteElo "2630"]
[BlackElo "2670"]
[PlyCount "87"]
[EventDate "2000.??.??"]
[Source "Chess Informant"]
[SourceDate "2000.02.01"]

1. d4 d5 2. c4 dxc4 3. Nf3 Nf6 4. Nc3 a6 5. e4 b5 6. e5 Nd5 7. a4 e6 8. axb5 Nb6 9. Be3 Bb7 10. bxa6 Rxa6 11. Rc1 Nc6 12. Nd2 Nb4 13. Nxc4 Bxg2 14. Bxg2 Nxc4 15. O-O Nxe3 16. fxe3 Be7 17. Ne4 O-O 18. Qh5 Nd5 19. Rf3 Nxe3 20. Rxe3 Qxd4 21. Qe2 Ra2 22. Rxc7 Bd8 23. Rc4 Qxe5 24. Rb3 Bc7 25. Ng3 Rd8 26. Qxe5 Bxe5 27. Rd3 Rb8 28. b4 Ra1+ 29. Nf1 h5 30. Bc6 g5 31. b5 Bc7 32. h3 Rd8 33. Rxd8+ Bxd8 34. Be4 Bb6+ 35. Kg2 Ra5 36. Bd3 Kg7 37. Rc6 Ra2+ 38. Bc2 Bd4 39. Ng3 Rb2 40. Nxh5+ Kh6 41. Ng3 Rxb5 42. Nf5+ Kh5 43. Nxd4 Rb4 44. Rd6 1-0

[Event "Cannes masters k.o."]
[Site "Cannes"]
[Date "2000.02.22"]
[Round "5.6"]
[White "Savchenko, Stanislav"]
[Black "Tkachiev, Vladislav"]
[Result "0-1"]
[WhiteElo "2574"]
[BlackElo "2670"]
[PlyCount "46"]
[EventDate "2000.02.19"]
[Source "ChessBase"]
[SourceDate "2000.05.31"]

1. Nf3 d5 2. d4 Nf6 3. c4 dxc4 4. Nc3 a6 5. e4 b5 6. e5 Nd5 7. a4 e6 8. axb5 Nb6 9. Be3 Bb7 10. bxa6 Rxa6 11. Rxa6 Nxa6 12. Nd2 Nb4 13. Nxc4 Nxc4 14. Bxc4 Bxg2 15. Rg1 Bc6 16. Qb3 g6 17. Bb5 Bxb5 18. Nxb5 Be7 19. Bh6 Qb8 20. Qc4 Kd7 21. Rg3 Qb7 22. Rb3 Rb8 23. d5 Qxb5 0-1

[Event "05, Copenhagen"]
[Site "05, Copenhagen"]
[Date "1985.??.??"]
[Round "?"]
[White "Vaganian, Rafael A"]
[Black "Nikolic, Predrag"]
[Result "1-0"]
[WhiteElo "2640"]
[BlackElo "2575"]
[PlyCount "49"]
[EventDate "1985.??.??"]
[Source "www.chesslib.no"]
[SourceDate "2004.05.04"]

1. Nf3 d5 2. d4 Nf6 3. c4 dxc4 4. Nc3 a6 5. e4 b5 6. e5 Nd5 7. a4 Nxc3 8. bxc3 Qd5 9. g3 Be6 10. Bg2 Qb7 11. O-O Bd5 12. e6 Bxe6 13. axb5 axb5 14. Ne5 Bd5 15. Bxd5 Qxd5 16. Rxa8 Qxa8 17. Qg4 e6 18. Qh5 g6 19. Nxg6 hxg6 20. Qxh8 Nd7 21. Bf4 Qa3 22. d5 exd5 23. Re1+ Kd8 24. Bg5+ Kc8 25. Be7 1-0

[Event "Matanzas"]
[Site "?"]
[Date "1995.??.??"]
[Round "?"]
[White "van Wely, L."]
[Black "Miles, A."]
[Result "1/2-1/2"]
[WhiteElo "2575"]
[BlackElo "2615"]
[PlyCount "49"]
[EventDate "1995.??.??"]
[Source "ChessBase"]
[SourceDate "1995.06.01"]

1. d4 d5 2. c4 dxc4 3. Nf3 Nf6 4. Nc3 a6 5. e4 b5 6. e5 Nd5 7. a4 e6 8. axb5 Nb6 9. Be2 Bb7 10. bxa6 Rxa6 11. Rxa6 Nxa6 12. O-O Be7 13. Na4 Qd5 14. Ne1 Qc6 15. Nxb6 cxb6 16. Bf3 Qd7 17. b3 cxb3 18. Qxb3 Bxf3 19. Nxf3 Nb4 20. Ba3 Nd5 21. Bxe7 Qxe7 22. Qa4+ Qd7 23. Qa8+ Qd8 24. Qc6+ Qd7 25. Qa8+ 1/2-1/2

[Event "Camp. open cittadino"]
[Site "Parigi FRA"]
[Date "2007.07.09"]
[Round "3"]
[White "Fressinet, L."]
[Black "Renet, O."]
[Result "1/2-1/2"]
[WhiteElo "2646"]
[BlackElo "2498"]
[PlyCount "64"]
[EventDate "2007.07.07"]
[Source "www.chesslib.no"]
[SourceDate "2004.05.04"]

1. d4 d5 2. Nf3 Nf6 3. c4 dxc4 4. Nc3 a6 5. e4 b5 6. e5 Nd5 7. a4 e6 8. axb5 Nb6 9. Be3 Bb7 10. bxa6 Rxa6 11. Rxa6 Nxa6 12. Be2 Be7 13. Nd2 Nb4 14. Nxc4 N6d5 15. O-O O-O 16. Bd2 Qd7 17. Bf3 Rb8 18. Ne4 Ba6 19. b3 Qc6 20. Qe2 Qb5 21. Be3 Nc6 22. Ra1 Qb7 23. Qa2 Bb5 24. h3 Bf8 25. Qc2 Ra8 26. Qb1 h6 27. Kh2 Ra7 28. Rxa7 Qxa7 29. Qb2 Bb4 30. Be2 Nce7 31. Bd2 Nc6 32. Be3 Nce7 1/2-1/2

[Event "Pobeskydi, Frydek Mi"]
[Site "?"]
[Date "1998.??.??"]
[Round "7"]
[White "Haba Petr"]
[Black "Blatny Pavel"]
[Result "1-0"]
[WhiteElo "2570"]
[BlackElo "2560"]
[PlyCount "59"]
[EventDate "1998.??.??"]
[Source "www.chesslib.no"]
[SourceDate "2004.05.04"]

1. d4 d5 2. Nf3 Nf6 3. c4 dxc4 4. Nc3 a6 5. e4 b5 6. e5 Nd5 7. a4 Nxc3 8. bxc3 Bb7 9. e6 f6 10. Be2 g6 11. O-O Bd5 12. Nh4 Nc6 13. Bf3 b4 14. Nf5 bxc3 15. Ba3 Na5 16. Re1 c6 17. Bxd5 cxd5 18. Qf3 Nc6 19. Bc5 c2 20. Rac1 Rb8 21. Rxc2 a5 22. Ne3 Rb2 23. Nxd5 Qb8 24. Bd6 c3 25. Nb6 Qa8 26. Nxa8 Ra2 27. Nb6 Rxa4 28. Na8 Ra3 29. Bg3 Nd8 30. Qe2 1-0

[Event "Cesko (ch) 73/440"]
[Site "?"]
[Date "1998.??.??"]
[Round "?"]
[White "Haba, Petr"]
[Black "Blatny, Pavel"]
[Result "1-0"]
[WhiteElo "2570"]
[BlackElo "2560"]
[PlyCount "59"]
[EventDate "1998.??.??"]
[Source "ChessBase"]
[SourceDate "1998.06.01"]

1. d4 d5 2. Nf3 Nf6 3. c4 dxc4 4. Nc3 a6 5. e4 b5 6. e5 Nd5 7. a4 Nxc3 8. bxc3 Bb7 9. e6 f6 10. Be2 g6 11. O-O Bd5 12. Nh4 Nc6 13. Bf3 b4 14. Nf5 bxc3 15. Ba3 Na5 16. Re1 c6 17. Bxd5 cxd5 18. Qf3 Nc6 19. Bc5 c2 20. Rac1 Rb8 21. Rxc2 Rb3 22. Ne3 Rxe3 23. fxe3 f5 24. Rxc4 Bg7 25. Ba3 Qa5 26. Bb4 Qxb4 27. Rxb4 Nxb4 28. Rb1 a5 29. Qxd5 O-O 30. Qxa5 1-0

[Event "7th Rohde Open"]
[Site "Sautron FRA"]
[Date "2007.11.01"]
[Round "7"]
[White "Malakhatko, V."]
[Black "Abbasov, F."]
[Result "1/2-1/2"]
[WhiteElo "2603"]
[BlackElo "2505"]
[PlyCount "59"]
[EventDate "2007.10.27"]
[Source "www.chesslib.no"]
[SourceDate "2004.05.04"]

1. d4 d5 2. Nf3 Nf6 3. c4 dxc4 4. Nc3 a6 5. e4 b5 6. e5 Nd5 7. a4 e6 8. axb5 Nb6 9. Be3 Bb4 10. bxa6 Rxa6 11. Rxa6 Nxa6 12. Qc2 Bb7 13. Be2 Be7 14. O-O Nb4 15. Qb1 Qa8 16. b3 cxb3 17. Qxb3 O-O 18. Qb2 N4d5 19. Ra1 Qd8 20. Nxd5 Bxd5 21. Qc2 Ba8 22. Bd3 h6 23. Rc1 Nd5 24. Be4 Nb4 25. Qb1 Bxe4 26. Qxe4 Nd5 27. Bd2 Qa8 28. h4 Rb8 29. Qg4 Kh7 30. Qe4+ 1/2-1/2

[Event "Moscow 5'"]
[Site "Moscow RUS"]
[Date "1972.??.??"]
[Round "?"]
[White "Lutikov, Anatoly S"]
[Black "Tukmakov, Vladimir B"]
[Result "0-1"]
[WhiteElo "2545"]
[BlackElo "2560"]
[PlyCount "78"]
[EventDate "1972.??.??"]
[Source "www.chesslib.no"]
[SourceDate "2004.05.04"]

1. d4 d5 2. c4 dxc4 3. Nf3 Nf6 4. Nc3 a6 5. e4 b5 6. e5 Nd5 7. a4 c6 8. Ng5 f6 9. Nge4 Nxc3 10. Nxc3 Bb7 11. Be3 Nd7 12. f4 e6 13. Be2 f5 14. Bh5+ g6 15. Bf3 Bb4 16. O-O O-O 17. Na2 Be7 18. b3 Nb6 19. bxc4 Nxc4 20. Qe2 Qd7 21. Bf2 Rac8 22. Rfd1 Rfd8 23. Nc3 Nb6 24. Rab1 b4 25. a5 Nd5 26. Na4 Qc7 27. Nc5 Bxc5 28. dxc5 Nc3 29. Qc4 Rxd1+ 30. Rxd1 Nxd1 31. Bxd1 Qd7 32. Bb3 Kf7 33. Qxb4 Rd8 34. h3 Bc8 35. Qb6 Qd3 36. Kh2 Re8 37. Bh4 Bd7 38. Qc7 h6 39. Bf6 Qd2 0-1

[Event "Lvov"]
[Site "?"]
[Date "1987.??.??"]
[Round "?"]
[White "Chernin, A."]
[Black "Mikhalchishin, A."]
[Result "1-0"]
[WhiteElo "2580"]
[BlackElo "2500"]
[PlyCount "85"]
[EventDate "1987.??.??"]
[Source "ChessBase"]
[SourceDate "1987.07.01"]

1. d4 d5 2. Nf3 Nf6 3. c4 dxc4 4. Nc3 a6 5. e4 b5 6. e5 Nd5 7. a4 Nxc3 8. bxc3 Qd5 9. g3 Be6 10. Bg2 Qb7 11. O-O Bd5 12. e6 Bxe6 13. Ne5 Bd5 14. Bxd5 Qxd5 15. axb5 f6 16. Ng4 Qxb5 17. Qf3 c6 18. Ne3 g6 19. Ba3 Qh5 20. Qe4 e5 21. Bxf8 Rxf8 22. dxe5 Qxe5 23. Qxc4 Rf7 24. Ng4 Qd5 25. Qb4 c5 26. Qf4 Nd7 27. Rad1 Qf5 28. Qa4 Re7 29. Rd5 Qf3 30. Rfd1 Ra7 31. R5d3 Qf5 32. Rd5 Qf3 33. R5d3 Qf5 34. Ne3 Qe6 35. Nd5 Kf7 36. Nxe7 Ne5 37. Nd5 Qh3 38. Nf4 Qg4 39. h3 Qf5 40. Re3 g5 41. Rxe5 fxe5 42. Qc4+ Kg7 43. Ng2 1-0

[Event "Rishon Le Ziyyon"]
[Site "Rishon Le Ziyyon"]
[Date "1994.??.??"]
[Round "8"]
[White "Chernin, Alexander"]
[Black "Zilberman, Yaacov"]
[Result "1/2-1/2"]
[WhiteElo "2615"]
[BlackElo "2460"]
[PlyCount "115"]
[EventDate "1994.11.??"]
[Source "ChessBase"]

1. d4 d5 2. Nf3 Nf6 3. c4 dxc4 4. Nc3 a6 5. e4 b5 6. e5 Nd5 7. a4 e6 8. axb5 Bb4 9. Bd2 Nb6 10. bxa6 Rxa6 11. Rxa6 Bxa6 12. Be2 Nc6 13. Nb1 Be7 14. Bc3 O-O 15. O-O Qd5 16. Ne1 Rd8 17. Nc2 Bb5 18. Bf3 Qd7 19. Be4 Nxe5 20. Bxh7+ Kxh7 21. Qh5+ Kg8 22. Qxe5 Bf6 23. Qe2 Nd5 24. Ne3 Bxd4 25. Nxd5 Qxd5 26. Bxd4 Bc6 27. Qg4 Qxd4 28. Qxd4 Rxd4 29. f3 Kf8 30. Kf2 Ke7 31. Rc1 g5 32. h3 Bd5 33. Ke2 Kd6 34. Nd2 f5 35. Rh1 Rh4 36. Rc1 c6 37. Ke3 e5 38. Ra1 Rh7 39. Rc1 Rb7 40. Rc2 Rb4 41. Nb1 f4+ 42. Kf2 e4 43. fxe4 Bxe4 44. Rd2+ Ke5 45. Nc3 Bd3 46. Kf3 Kf5 47. g3 Rb8 48. gxf4 gxf4 49. Rh2 Rb3 50. Rd2 Rb7 51. Rh2 Re7 52. Rh1 Re8 53. h4 Re3+ 54. Kf2 Kg4 55. h5 Bh7 56. Rg1+ Kxh5 57. Rh1+ Kg6 58. Rh4 1/2-1/2

[Event "Pula op"]
[Site "Pula"]
[Date "2002.05.18"]
[Round "8"]
[White "Sulava, Nenad"]
[Black "Rowson, Jonathan"]
[Result "1/2-1/2"]
[WhiteElo "2548"]
[BlackElo "2527"]
[PlyCount "85"]
[EventDate "2002.05.12"]
[Source "ChessBase"]
[SourceDate "2002.07.08"]

1. Nf3 d5 2. d4 Nf6 3. c4 dxc4 4. Nc3 a6 5. e4 b5 6. e5 Nd5 7. a4 e6 8. axb5 Nb6 9. b3 Bb4 10. Bd2 cxb3 11. Qxb3 a5 12. Be2 Bb7 13. O-O O-O 14. Qc2 h6 15. Rfc1 c6 16. Ne4 cxb5 17. Bxh6 Bxe4 18. Qxe4 gxh6 19. Bd3 f5 20. exf6 Ra7 21. Qg6+ Kh8 22. Qxh6+ Kg8 23. Qg6+ Kh8 24. Qh5+ Kg8 25. Qg4+ Kh8 26. Qh3+ Kg8 27. Qxe6+ Rff7 28. Bg6 Nc4 29. Rxc4 bxc4 30. Bxf7+ Rxf7 31. Ne5 Qxf6 32. Qxc4 Qxf2+ 33. Kh1 Kg7 34. Nxf7 Qxf7 35. Qb5 Nd7 36. Rf1 Qe7 37. d5 Nf6 38. Qd3 Bd6 39. Rb1 Qe5 40. Rb7+ Kf8 41. g3 a4 42. Ra7 a3 43. Ra8+ 1/2-1/2

[Event "Open"]
[Site "Kavala GRE"]
[Date "2007.08.10"]
[Round "7"]
[White "Halkias, S."]
[Black "Kozhuharov, S."]
[Result "1-0"]
[WhiteElo "2580"]
[BlackElo "2477"]
[PlyCount "73"]
[EventDate "2007.08.05"]
[Source "www.chesslib.no"]
[SourceDate "2004.05.04"]

1. Nf3 d5 2. d4 Nf6 3. c4 dxc4 4. Nc3 a6 5. e4 b5 6. e5 Nd5 7. a4 e6 8. axb5 Nb6 9. Be3 Bb7 10. bxa6 Rxa6 11. Rxa6 Nxa6 12. Nd2 Nb4 13. Nxc4 Nxc4 14. Bxc4 Bxg2 15. Qa4+ Qd7 16. Bb5 c6 17. Qa8+ Qd8 18. Qxd8+ Kxd8 19. Rg1 cxb5 20. Rxg2 Nd3+ 21. Ke2 Nxb2 22. Nxb5 Nc4 23. Rg1 f6 24. Rc1 Na3 25. Nxa3 Bxa3 26. Ra1 Bf8 27. Ra8+ Ke7 28. Ra7+ Ke8 29. d5 exd5 30. e6 h5 31. h4 Rg8 32. Bd4 Rh8 33. f4 f5 34. Kd3 Rh6 35. Ra8+ Ke7 36. Bc5+ Kxe6 37. Re8+ 1-0

[Event "Martigny"]
[Site "Martigny"]
[Date "1994.??.??"]
[Round "9"]
[White "Cebalo, Miso"]
[Black "Adianto, Utut"]
[Result "1-0"]
[WhiteElo "2520"]
[BlackElo "2535"]
[PlyCount "85"]
[EventDate "1994.??.??"]
[Source "www.chesslib.no"]
[SourceDate "2004.05.04"]

1. d4 d5 2. Nf3 Nf6 3. c4 dxc4 4. Nc3 a6 5. e4 b5 6. e5 Nd5 7. a4 Bb7 8. e6 f6 9. Be2 g6 10. Ne4 Bg7 11. Nc5 Qc8 12. h4 h5 13. Rh3 Nc6 14. Rg3 Nd8 15. Qc2 Nxe6 16. Qxg6+ Kd8 17. Ne5 c6 18. Nf7+ Kc7 19. Qe4 Nxc5 20. dxc5 Qf8 21. Nxh8 Bxh8 22. Bd2 f5 23. Ba5+ Kd7 24. Qc2 e6 25. Bc3 Qxc5 26. Rd1 Kc7 27. Kf1 Rf8 28. Bxh8 Rxh8 29. Rg7+ Kb8 30. Qd2 Qd6 31. Qg5 Qe5 32. axb5 axb5 33. Bf3 Ka7 34. Bxd5 exd5 35. Re1 Qxb2 36. Kg1 Rb8 37. Qe7 Ka6 38. Qc7 b4 39. Rh7 Qc3 40. Re6 Qa1+ 41. Kh2 Ka7 42. Rxc6 b3 43. Rb6 1-0

[Event "SWE-chT 0001"]
[Site "Sweden"]
[Date "2000.??.??"]
[Round "1"]
[White "Ivanov, Sergey"]
[Black "Degerman, Lars"]
[Result "1-0"]
[WhiteElo "2543"]
[BlackElo "2503"]
[PlyCount "89"]
[EventDate "2000.??.??"]
[Source "www.chesslib.no"]
[SourceDate "2004.05.04"]

1. d4 d5 2. Nf3 Nf6 3. c4 dxc4 4. Nc3 a6 5. e4 b5 6. e5 Nd5 7. a4 Nxc3 8. bxc3 Qd5 9. g3 Bb7 10. Bg2 Qd7 11. Ba3 g6 12. h4 Bg7 13. h5 Bd5 14. Kf1 O-O 15. hxg6 fxg6 16. Ng5 Bxg2+ 17. Kxg2 h6 18. Nh3 Nc6 19. Qe2 Qd5+ 20. f3 b4 21. Bxb4 Nxb4 22. cxb4 Qxd4 23. Rad1 Qxe5 24. Qxc4+ Rf7 25. Rhe1 Qc3 26. Qe4 Re8 27. Nf4 g5 28. Nd5 Qb2+ 29. Re2 Qb3 30. Rd3 Qxa4 31. Nxc7 Rb8 32. Nd5 e5 33. Rc3 a5 34. Rec2 Rbf8 35. Rc8 axb4 36. Rxf8+ Bxf8 37. Rc8 Qa2+ 38. Kh3 Qa6 39. Re8 Qf1+ 40. Kg4 Qxf3+ 41. Qxf3 h5+ 42. Kxh5 Rxf3 43. Kg6 e4 44. Nf6+ Rxf6+ 45. Kxf6 1-0

[Event "Las Palmas3"]
[Site "Las Palmas"]
[Date "1993.??.??"]
[Round "5"]
[White "Garcia Ilundain, David"]
[Black "Dao Thien Hai"]
[Result "1/2-1/2"]
[WhiteElo "2480"]
[BlackElo "2565"]
[PlyCount "172"]
[EventDate "1993.12.??"]
[Source "ChessBase"]

1. d4 d5 2. c4 dxc4 3. Nf3 Nf6 4. Nc3 a6 5. e4 b5 6. e5 Nd5 7. a4 Nxc3 8. bxc3 Qd5 9. g3 Bb7 10. Bg2 Qd7 11. Ba3 e6 12. Bxf8 Kxf8 13. O-O g6 14. Qc1 Kg7 15. Qf4 Qe7 16. h4 Nd7 17. h5 h6 18. Qg4 Bd5 19. Nh4 Qg5 20. Qh3 Bxg2 21. Qxg2 Qxh5 22. axb5 g5 23. Nf3 axb5 24. Rxa8 Rxa8 25. Nxg5 Ra2 26. Nh3 Qg4 27. Nf4 h5 28. Rb1 h4 29. Rxb5 hxg3 30. Qxg3 Qxg3+ 31. fxg3 Rc2 32. Rb7 Rxc3 33. Rxc7 Nf8 34. Kf2 Rc2+ 35. Kf3 Kg8 36. Rc8 Kg7 37. Rc7 Kg8 38. Kg4 c3 39. Kf3 Nh7 40. Ne2 Ng5+ 41. Ke3 Kg7 42. Nxc3 Kg6 43. Kd3 Rf2 44. Ne4 Nxe4 45. Kxe4 Re2+ 46. Kf4 Rd2 47. Rc4 Rd3 48. Kg4 Rd1 49. Kf3 Rd3+ 50. Kf4 Rd1 51. Ke3 Re1+ 52. Kf2 Ra1 53. Rc3 Kf5 54. Rf3+ Ke4 55. Rf4+ Kd5 56. g4 Ra4 57. Ke3 Ra3+ 58. Kd2 Ra4 59. Ke3 Ra3+ 60. Kd2 Ra4 61. Ke3 Ra3+ 62. Ke2 Ra4 63. Ke3 Ra3+ 64. Kf2 Rd3 65. Rxf7 Rxd4 66. Kf3 Kxe5 67. g5 Rd1 68. Kg4 Rg1+ 69. Kh5 Ke4 70. g6 e5 71. g7 Ke3 72. Kh6 e4 73. Rf5 Rxg7 74. Kxg7 Kd3 75. Rd5+ Kc3 76. Re5 Kd3 77. Kf6 e3 78. Kf5 e2 79. Kf4 Kd2 80. Rd5+ Kc2 81. Rc5+ Kd2 82. Rd5+ Kc2 83. Re5 Kd2 84. Kf3 e1=Q 85. Rxe1 Kxe1 86. Ke3 Kd1 1/2-1/2

[Event "Katowice Open"]
[Site "Katowice POL"]
[Date "1991.??.??"]
[Round "4"]
[White "Sherbakov, Ruslan"]
[Black "Fominyh, Alexander"]
[Result "1-0"]
[WhiteElo "2505"]
[BlackElo "2535"]
[PlyCount "83"]
[EventDate "1991.??.??"]
[Source "www.chesslib.no"]
[SourceDate "2004.05.04"]

1. Nf3 d5 2. d4 Nf6 3. c4 dxc4 4. Nc3 a6 5. e4 b5 6. e5 Nd5 7. a4 e6 8. axb5 Bb4 9. Bd2 Nb6 10. Be2 Bb7 11. bxa6 Rxa6 12. Rxa6 Nxa6 13. O-O O-O 14. Be3 Qd7 15. Qb1 Bxf3 16. Bxf3 Be7 17. Be4 g6 18. Qd1 Nb4 19. Qe2 c6 20. Ra1 N4d5 21. Bh6 Rb8 22. g3 Qb7 23. h4 Ra8 24. Rc1 Ra2 25. h5 Qa8 26. Qg4 Bf8 27. Bxf8 Qxf8 28. Kg2 Qe7 29. Rh1 g5 30. h6 Kh8 31. Bxd5 Nxd5 32. Nxd5 cxd5 33. Rh5 f5 34. exf6 Qxf6 35. Rxg5 Ra8 36. Re5 Re8 37. Qh5 Rf8 38. Qe2 Qxh6 39. Rxe6 Qg7 40. Re8 h6 41. Rxf8+ Qxf8 42. Qe5+ 1-0

[Event "BL2-Sued 0001"]
[Site "Germany"]
[Date "2000.11.12"]
[Round "2.1"]
[White "Kekelidze, Mikheil"]
[Black "Gabriel, Christian"]
[Result "1/2-1/2"]
[WhiteElo "2511"]
[BlackElo "2528"]
[PlyCount "53"]
[EventDate "2000.10.15"]
[Source "ChessBase"]
[SourceDate "2001.07.03"]

1. d4 d5 2. Nf3 Nf6 3. c4 dxc4 4. Nc3 a6 5. e4 b5 6. e5 Nd5 7. a4 Nxc3 8. bxc3 Qd5 9. g3 Bb7 10. Bg2 Qd7 11. O-O e6 12. Nh4 Bxg2 13. Nxg2 b4 14. Qe2 bxc3 15. Qxc4 Nc6 16. Rd1 Nxe5 17. Qxc3 Ng6 18. h4 Bd6 19. h5 Ne7 20. h6 O-O 21. hxg7 Kxg7 22. Nf4 Bxf4 23. Bxf4 Nd5 24. Qf3 Rfd8 25. Re1 Kh8 26. Rac1 f6 27. a5 1/2-1/2

[Event "Herzliya"]
[Site "Herzliya"]
[Date "1998.09.14"]
[Round "9"]
[White "Wells, Peter K"]
[Black "Zilberman, Yaacov"]
[Result "1/2-1/2"]
[WhiteElo "2515"]
[BlackElo "2520"]
[PlyCount "35"]
[EventDate "1998.09.??"]
[Source "www.chesslib.no"]
[SourceDate "2004.05.04"]

1. d4 d5 2. c4 dxc4 3. Nf3 Nf6 4. Nc3 a6 5. e4 b5 6. e5 Nd5 7. a4 e6 8. axb5 Nb6 9. Be3 Bb7 10. Nd2 axb5 11. Rxa8 Bxa8 12. Nxb5 Nc6 13. Nxc4 Bb4+ 14. Bd2 O-O 15. Nxb6 cxb6 16. Bxb4 Nxb4 17. Qd2 Nc6 18. Bc4 1/2-1/2

[Event "Cap d'Agde"]
[Site "?"]
[Date "1994.??.??"]
[Round "?"]
[White "Lobron, E."]
[Black "Raetsky, A."]
[Result "1/2-1/2"]
[WhiteElo "2580"]
[BlackElo "2450"]
[PlyCount "70"]
[EventDate "1994.??.??"]
[Source "ChessBase"]
[SourceDate "1994.10.01"]

1. d4 d5 2. c4 dxc4 3. Nf3 Nf6 4. Nc3 a6 5. e4 b5 6. e5 Nd5 7. a4 Nxc3 8. bxc3 Bb7 9. e6 f6 10. Be2 g6 11. O-O Bg7 12. Nh4 Bd5 13. Bf3 c6 14. Ba3 O-O 15. Bc5 f5 16. axb5 cxb5 17. Bxe7 Bxf3 18. Qxf3 Qxe7 19. Qxa8 Qxh4 20. Rfe1 Qe7 21. Rad1 Bf6 22. d5 Qd6 23. Re3 f4 24. Rf3 Nd7 25. Qa7 Nc5 26. Re1 Be7 27. h4 h5 28. Re2 Rf5 29. g3 Nd3 30. Ra2 Rxd5 31. Rxa6 Qc5 32. Qb7 Re5 33. Rc6 Qa3 34. Ra6 Qc5 35. Rc6 Qa3 1/2-1/2

[Event "XV World Ch."]
[Site "XV World Ch."]
[Date "1991.??.??"]
[Round "?"]
[White "Wendt, Rene"]
[Black "Melts, MA."]
[Result "1/2-1/2"]
[WhiteElo "2540"]
[BlackElo "2490"]
[PlyCount "54"]
[EventDate "1991.??.??"]
[Source "www.chesslib.no"]
[SourceDate "2004.05.04"]

1. d4 d5 2. c4 dxc4 3. Nf3 Nf6 4. Nc3 a6 5. e4 b5 6. e5 Nd5 7. a4 Nxc3 8. bxc3 Qd5 9. g3 Bb7 10. Bg2 Qd7 11. Nh4 Bxg2 12. Nxg2 b4 13. O-O Nc6 14. Nf4 e6 15. Be3 b3 16. Qe2 Na5 17. d5 exd5 18. Rad1 c6 19. Bb6 Nb7 20. e6 fxe6 21. Nxe6 Kf7 22. Nc7 Bd6 23. Qf3+ Kg6 24. Nxd5 cxd5 25. Rxd5 Qe6 26. Qh5+ Kf6 27. Qf3+ Kg6 1/2-1/2

[Event "Creon op 2nd"]
[Site "Creon"]
[Date "1997.??.??"]
[Round "?"]
[White "Ikonnikov, Vyacheslav"]
[Black "Flear, Glenn C"]
[Result "1/2-1/2"]
[WhiteElo "2540"]
[BlackElo "2485"]
[PlyCount "83"]
[EventDate "1997.??.??"]
[Source "www.chesslib.no"]
[SourceDate "2004.05.04"]

1. d4 d5 2. Nf3 Nf6 3. c4 dxc4 4. Nc3 a6 5. e4 b5 6. e5 Nd5 7. a4 e6 8. axb5 Nb6 9. Be2 Bb7 10. O-O Be7 11. Be3 O-O 12. bxa6 Bxa6 13. Qb1 Nc6 14. Ne4 h6 15. Rc1 Nb4 16. Nc5 Bb5 17. b3 Rxa1 18. Qxa1 Nd3 19. Rd1 Qa8 20. bxc4 Nxc5 21. cxb5 Nca4 22. Rc1 Nd5 23. Bd2 Rc8 24. Rc2 Nab6 25. Ra2 Qb7 26. Ra7 Ra8 27. Rxa8+ Nxa8 28. Qa6 Qb8 29. Ne1 Nab6 30. Nc2 Qd8 31. g3 Bg5 32. f4 Be7 33. Kg2 g5 34. Qa1 gxf4 35. gxf4 Bf8 36. Kh1 Kh8 37. Bd3 f5 38. exf6 Qxf6 39. Qb1 Nxf4 40. Qf1 Bd6 41. Qf3 Nbd5 42. Be4 1/2-1/2

[Event "New York Open"]
[Site "New York, NY USA"]
[Date "1984.??.??"]
[Round "8"]
[White "Sosonko, Gennadi P"]
[Black "Dlugy, Maxim"]
[Result "1/2-1/2"]
[WhiteElo "2560"]
[BlackElo "2460"]
[PlyCount "29"]
[EventDate "1984.04.??"]
[Source "www.chesslib.no"]
[SourceDate "2004.05.04"]

1. d4 d5 2. Nf3 Nf6 3. c4 dxc4 4. Nc3 a6 5. e4 b5 6. e5 Nd5 7. a4 Nxc3 8. bxc3 Bb7 9. e6 f6 10. Be3 Bd5 11. Nh4 g6 12. Qb1 Qd6 13. axb5 Qxe6 14. Be2 Nd7 15. O-O 1/2-1/2

[Event "3eme Open International de La Fere"]
[Site "Paris"]
[Date "2004.??.??"]
[Round "5.1"]
[White "Malakhatko, Vadim"]
[Black "Karpatchev, Aleksandr"]
[Result "1-0"]
[WhiteElo "2555"]
[BlackElo "2463"]
[PlyCount "47"]
[EventDate "2004.07.03"]
[Source "Roberto Alvarez"]
[SourceDate "2004.07.12"]

1. d4 d5 2. c4 dxc4 3. Nf3 Nf6 4. Nc3 a6 5. e4 b5 6. e5 Nd5 7. a4 Nxc3 8. bxc3 Qd5 9. g3 Be6 10. Bg2 Qb7 11. O-O Bd5 12. e6 Bxe6 13. Ne5 Bd5 14. Bxd5 Qxd5 15. axb5 f6 16. Ng4 Qxb5 17. Qf3 c6 18. Ne3 e6 19. Bd2 a5 20. Rab1 Qa6 21. Qe2 a4 22. Nxc4 Ke7 23. Rfe1 c5 24. Bf4 1-0

[Event "Budapest FS09 GM"]
[Site "Budapest"]
[Date "1993.??.??"]
[Round "13"]
[White "Soffer, Ram"]
[Black "Dao Thien Hai"]
[Result "1/2-1/2"]
[WhiteElo "2450"]
[BlackElo "2565"]
[PlyCount "250"]
[EventDate "1993.09.??"]
[Source "ChessBase"]

1. d4 d5 2. Nf3 Nf6 3. c4 dxc4 4. Nc3 a6 5. e4 b5 6. e5 Nd5 7. a4 Bb7 8. e6 fxe6 9. Be2 c5 10. dxc5 Nd7 11. axb5 axb5 12. Rxa8 Qxa8 13. Nxb5 Qa5+ 14. Nc3 Nxc3 15. bxc3 g6 16. Qd4 Rg8 17. Qxc4 Bg7 18. O-O Qxc5 19. Qxe6 Bd5 20. Qa6 Qc6 21. Qxc6 Bxc6 22. Be3 Bxf3 23. Bxf3 Kf7 24. c4 Rc8 25. Be2 Be5 26. Rd1 Rc7 27. h4 Bd6 28. g3 Nc5 29. Rc1 Nd7 30. Kg2 Bc5 31. Bf4 Ra7 32. Rc2 Bd4 33. h5 e5 34. Bd2 Nc5 35. Bb4 Kg7 36. Bxc5 Bxc5 37. Bf3 gxh5 38. Bxh5 e4 39. Bg4 Kf6 40. Re2 Re7 41. Bc8 Ke5 42. Rd2 Bd4 43. Bg4 Rc7 44. Re2 Ba7 45. Ra2 Rg7 46. Ra5+ Kd4 47. Be6 Bc5 48. Bd5 Ra7 49. Rb5 Ra2 50. Bxe4 Kxc4 51. Bd3+ Kd5 52. Bxh7 Rxf2+ 53. Kh3 Kc6 54. Rb1 Bd6 55. Be4+ Kd7 56. Kg4 Ke6 57. Rb6 Ke7 58. Rb7+ Ke6 59. Rg7 Rf1 60. Rg6+ Ke7 61. Kh4 Rf6 62. Rg7+ Rf7 63. Rg5 Kf8 64. Rd5 Ke7 65. g4 Rf2 66. Kg5 Rf6 67. Bf5 Kf7 68. Kh5 Be7 69. g5 Rd6 70. Re5 Rd2 71. Bg6+ Kf8 72. Be4 Rf2 73. Kg6 Rf7 74. Kh6 Bxg5+ 75. Kxg5 Re7 76. Rf5+ Ke8 77. Bc6+ Kd8 78. Kf6 Re1 79. Rc5 Kc7 80. Be4+ Kb6 81. Re5 Rf1+ 82. Ke7 Rd1 83. Bg6 Rc1 84. Be8 Rd1 85. Rb5+ Kc7 86. Rc5+ Kb6 87. Rc6+ Ka5 88. Rc4 Re1+ 89. Kd8 Kb6 90. Ba4 Re5 91. Kd7 Rd5+ 92. Ke6 Rd2 93. Bc6 Rh2 94. Bd5 Rh6+ 95. Ke5 Rh2 96. Kd6 Kb5 97. Rg4 Rh6+ 98. Be6 Rf6 99. Kd5 Rh6 100. Bd7+ Kb6 101. Rb4+ Kc7 102. Bf5 Rd6+ 103. Ke5 Rb6 104. Rc4+ Rc6 105. Rh4 Rc5+ 106. Ke6 Rc6+ 107. Kd5 Rd6+ 108. Ke5 Rd1 109. Be4 Rd2 110. Rh3 Kb6 111. Bd5 Kc7 112. Rb3 Re2+ 113. Be4 Rd2 114. Rb7+ Kc8 115. Re7 Kd8 116. Rh7 Rd7 117. Rh8+ Kc7 118. Bd5 Rg7 119. Be6 Rg5+ 120. Bf5 Rg1 121. R 8+ Kb6 122. Be4 Kb5 123. Kd4 Rd1+ 124. Bd3+ Kb6 125. Rc2 Rg1 1/2-1/2

[Event "It (Open) Bad Woerishofen GER"]
[Site "?"]
[Date "2006.03.23"]
[Round "7"]
[White "Ikonnikov Vyacheslav"]
[Black "Henrichs Thomas"]
[Result "1/2-1/2"]
[WhiteElo "2580"]
[BlackElo "2434"]
[PlyCount "97"]
[EventDate "2006.??.??"]
[Source "www.chesslib.no"]
[SourceDate "2004.05.04"]

1. d4 d5 2. Nf3 Nf6 3. c4 dxc4 4. Nc3 a6 5. e4 b5 6. e5 Nd5 7. a4 e6 8. axb5 Nb6 9. Be2 axb5 10. Rxa8 Nxa8 11. Nxb5 Nb6 12. O-O Be7 13. b3 cxb3 14. Qxb3 O-O 15. Bd2 Bb7 16. Ba5 Bd5 17. Qb1 Nc6 18. Nxc7 Qxc7 19. Bxb6 Qd7 20. Qa1 Rb8 21. Bc5 Bxf3 22. Bxf3 Nxe5 23. Be4 Ng4 24. Qa3 Nf6 25. Bf3 Bf8 26. Rd1 Rc8 27. g3 Qc7 28. Rb1 Rb8 29. Rc1 Rc8 30. Qe3 Nd7 31. Ba3 Qd8 32. Rxc8 Qxc8 33. d5 exd5 34. Bxd5 Nf6 35. Bf3 Bxa3 36. Qxa3 g6 37. Qb2 Qf5 38. Kg2 h5 39. Qd4 Ng4 40. h3 Qf6 41. Qd5 Ne5 42. Be4 g5 43. Qd1 h4 44. gxh4 gxh4 45. Qh5 Qf4 46. Qf5 Ng6 47. Qc8+ Kg7 48. Bxg6 fxg6 49. Qc3+ 1/2-1/2